[Event "Mittelfranken-chTB2a 1920"]
[Site "Mittelfranken"]
[Date "2020.02.16"]
[Round "6.2"]
[White "Thuerauf, Peter"]
[Black "Khalil, Shayar"]
[Result "1-0"]
[WhiteElo "1890"]
[BlackElo "1877"]
[PlyCount "51"]
[EventDate "2019.10.13"]
[EventType "team-tourn"]
[EventRounds "9"]
[EventCountry "GER"]
[SourceTitle "EXT 2023"]
[Source "ChessBase"]
[SourceDate "2022.10.05"]
[SourceVersion "1"]
[SourceVersionDate "2022.10.05"]
[SourceQuality "1"]
[WhiteTeam "Nuernberg Sued SW IV"]
[BlackTeam "Ansbach/Bad Windsheim"]
[WhiteTeamCountry "GER"]
[BlackTeamCountry "GER"]

1. d4 Nf6 2. Nf3 e6 3. c4 b6 4. a3 Bb7 5. Nc3 d5 6. e3 Be7 7. cxd5 exd5 8. Be2 0-0 9. 0-0 c5 10. Bd2 Nc6 11. Rc1 Rc8 12. Re1 Re8 13. Bf1 Bf8 14. g3 a6 15. Bh3 Rb8 16. Nb1 Ne4 17. dxc5 bxc5 18. Bc3 Nxc3 19. bxc3 Qf6 20. Bg2 Ne5 21. Nxe5 Qxe5 22. Qa4 c4 23. Nd2 Qd6 24. Nxc4 Rec8 25. Nxd6 Bxd6 26. Red1 1-0

[Event "Mittelfranken-chTB2a 1819"]
[Site "Mittelfranken"]
[Date "2019.03.03"]
[Round "6.4"]
[White "Khalil, Shayar"]
[Black "Nickmann, Peter"]
[Result "0-1"]
[WhiteElo "1843"]
[BlackElo "1826"]
[PlyCount "118"]
[EventDate "2018.10.14"]
[EventType "team-tourn"]
[EventRounds "9"]
[EventCountry "GER"]
[SourceTitle "EXT 2022"]
[Source "ChessBase"]
[SourceDate "2021.10.06"]
[SourceVersion "1"]
[SourceVersionDate "2021.10.06"]
[SourceQuality "1"]
[WhiteTeam "Ansbach/Bad Windsheim"]
[BlackTeam "Fuerth SF"]
[WhiteTeamCountry "GER"]
[BlackTeamCountry "GER"]

1. Nf3 Nf6 2. c4 c5 3. Nc3 Nc6 4. g3 g6 5. Bg2 Bg7 6. 0-0 0-0 7. e3 d6 8. d4 Bg4 9. h3 cxd4 10. exd4 Bxf3 11. Bxf3 Qd7 12. Kh2 Rad8 13. Be3 b6 14. Qa4 Nb8 15. Qxd7 Rxd7 16. a4 Rc8 17. a5 bxa5 18. Rxa5 Rxc4 19. Rb5 Rc8 20. Rc1 Rf8 21. Ra1 h6 22. Rb7 a6 23. Rxd7 Nfxd7 24. Nd5 e6 25. Nc7 e5 26. dxe5 Bxe5 27. Bxh6 Rc8 28. Nxa6 Bxb2 29. Ra2 Bd4 30. Nxb8 Rxb8 31. Rd2 Bc5 32. Bf4 Ne5 33. Be2 Kg7 34. Kg2 f6 35. h4 Rb4 36. Be3 Bxe3 37. fxe3 Nf7 38. Rd4 Rb2 39. Kf1 Rb3 40. Kf2 Rb2 41. Kf1 Rb6 42. g4 Ne5 43. g5 fxg5 44. hxg5 Nf7 45. Rd5 Rc6 46. Kf2 Rc5 47. Rxc5 dxc5 48. Kg3 Nxg5 49. Kf4 Kf6 50. Bc4 Nf7 51. Be2 Ne5 52. Ke4 Ke6 53. Bf1 g5 54. Bh3+ g4 55. Bf1 c4 56. Kd4 Kf5 57. Bg2 Nf3+ 58. Kd5 c3 59. Bf1 Ne1 0-1

[Event "Mittelfranken-chTB2a 1819"]
[Site "Mittelfranken"]
[Date "2019.01.27"]
[Round "4.4"]
[White "Straschewski, Joerg"]
[Black "Khalil, Shayar"]
[Result "1/2-1/2"]
[WhiteElo "1859"]
[BlackElo "1843"]
[PlyCount "117"]
[EventDate "2018.10.14"]
[EventType "team-tourn"]
[EventRounds "9"]
[EventCountry "GER"]
[SourceTitle "EXT 2022"]
[Source "ChessBase"]
[SourceDate "2021.10.06"]
[SourceVersion "1"]
[SourceVersionDate "2021.10.06"]
[SourceQuality "1"]
[WhiteTeam "Cadolzburg"]
[BlackTeam "Ansbach/Bad Windsheim"]
[WhiteTeamCountry "GER"]
[BlackTeamCountry "GER"]

1. d4 Nf6 2. c4 e6 3. Nc3 d5 4. cxd5 exd5 5. Bg5 Be7 6. e3 0-0 7. Bd3 c6 8. Qc2 h6 9. Bh4 Re8 10. Nge2 Ne4 11. Bxe7 Qxe7 12. Nxe4 dxe4 13. Bc4 Be6 14. 0-0 Bxc4 15. Qxc4 Nd7 16. Rac1 Nb6 17. Qc5 Nd5 18. a3 a5 19. Qxe7 Rxe7 20. Rc5 Ra6 21. Nc3 Nxc3 22. Rxc3 Rb6 23. b3 Rd7 24. f3 exf3 25. Rxf3 Rd5 26. Kf2 Kf8 27. Ke2 Ke7 28. Kd3 c5 29. Ke4 cxd4 30. exd4 Ke6 31. Rxf7 Rxd4+ 32. Kxd4 Kxf7 33. Rc7+ Kf6 34. Kc4 g5 35. g4 Ke5 36. h3 Kf4 37. b4 axb4 38. axb4 Kg3 39. Kc5 Rf6 40. Rxb7 Kxh3 41. Rd7 Kxg4 42. b5 h5 43. b6 h4 44. b7 Rf8 45. Rd4+ Kf5 46. Rd5+ Kg4 47. Rd4+ Kf3 48. Rb4 h3 49. Rb3+ Kg4 50. Rb2 Kg3 51. Rb3+ Kh4 52. b8Q Rxb8 53. Rxb8 h2 54. Kd4 Kg3 55. Rh8 g4 56. Ke3 Kg2 57. Kf4 g3 58. Kg4 Kf2 59. Rh3 1/2-1/2

[Event "Zirndorf Cup"]
[Site "Zirndorf"]
[Date "2017.08.30"]
[Round "1"]
[White "Khalil, Shayar"]
[Black "Miller, Eduard"]
[Result "0-1"]
[WhiteElo "2003"]
[BlackElo "2332"]
[PlyCount "54"]
[EventDate "2017.08.30"]
[EventType "swiss"]
[EventRounds "7"]
[EventCountry "GER"]
[SourceTitle "CBM 180 Extra"]
[Source "ChessBase"]
[SourceDate "2017.10.06"]
[SourceVersion "1"]
[SourceVersionDate "2017.10.06"]
[SourceQuality "1"]

1. e4 e5 2. Nf3 Nc6 3. Bb5 a6 4. Ba4 Nge7 5. 0-0 d6 6. d4 b5 7. Bb3 Nxd4 8. Nxd4 exd4 9. e5 dxe5 10. Bxf7+ Kxf7 11. Qf3+ Bf5 12. g4 e4 13. Qf4 g5 14. Qg3 Bg6 15. Bxg5 Qd5 16. f4 h6 17. Bh4 Rg8 18. Bxe7 Bxe7 19. f5 Bh5 20. h3 Bxg4 21. hxg4 h5 22. Qb3 Rxg4+ 23. Kf2 Bh4+ 24. Ke2 Rg2+ 25. Kd1 Qxb3 26. axb3 e3 27. Re1 Re8 0-1

[Event "Mittelfranken-chTB2a 1617"]
[Site "Mittelfranken"]
[Date "2017.01.22"]
[Round "5.5"]
[White "Khalil, Shayar"]
[Black "Oberfichtner, Herbert"]
[Result "1-0"]
[WhiteElo "1851"]
[BlackElo "1706"]
[PlyCount "93"]
[EventDate "2016.10.23"]
[EventType "team-tourn"]
[EventRounds "9"]
[EventCountry "GER"]
[SourceTitle "EXT 2022"]
[Source "ChessBase"]
[SourceDate "2021.10.06"]
[SourceVersion "1"]
[SourceVersionDate "2021.10.06"]
[SourceQuality "1"]
[WhiteTeam "Bad Windsheim/Ansbach"]
[BlackTeam "Dombuehl"]
[WhiteTeamCountry "GER"]
[BlackTeamCountry "GER"]

1. d4 Nf6 2. c4 g6 3. Nc3 Bg7 4. e4 d6 5. Nf3 Nbd7 6. Be2 0-0 7. 0-0 e5 8. d5 Nc5 9. Bg5 c6 10. Nd2 Qc7 11. b4 Ncd7 12. Qb3 h6 13. Be3 Ne8 14. f3 Kh7 15. c5 Ndf6 16. Nc4 Bd7 17. Rad1 cxd5 18. exd5 Rg8 19. cxd6 Nxd6 20. Nxd6 Qxd6 21. Ne4 Nxe4 22. fxe4 f5 23. Bc5 Qf6 24. Bf3 b6 25. Be3 Qd6 26. a4 Rgc8 27. Rc1 Bf8 28. Bd2 a5 29. b5 Qa3 30. Qxa3 Bxa3 31. Rxc8 Rxc8 32. Be3 Bc5 33. Kf2 Kg7 34. Ke2 Bxe3 35. Kxe3 Rc4 36. Ra1 Kf6 37. Kd3 Rc5 38. Ra2 fxe4+ 39. Bxe4 Bf5 40. Ke3 Rc3+ 41. Kd2 Rc4 42. Bxf5 gxf5 43. Ra3 Rd4+ 44. Ke2 Rxd5 45. Rh3 Kg6 46. Rc3 Rd6 47. Rc6 1-0